|
|
|
|
| LEADER |
00801cam a2200229 7i4500 |
| 001 |
0000002795 |
| 005 |
20170218090000.0 |
| 020 |
|
|
|a 0072320869 (hbk.)
|
| 020 |
|
|
|a 9780072320862
|
| 090 |
0 |
0 |
|a QA76.9.C643
|b H36 2002
|
| 100 |
1 |
|
|a Hamacher, Carl
|
| 245 |
1 |
0 |
|a Computer organization
|c Carl Hamacher, Zvonko Vranesic, Safwat Zaky.
|
| 250 |
|
|
|a 5th ed.
|
| 260 |
|
|
|a Boston:
|b McGraw-Hill,
|c 2002.
|
| 300 |
|
|
|a xx, 805 p.:
|b col. ill.;
|c 24 cm.
|
| 490 |
0 |
|
|a McGraw-Hill series in computer science
|
| 504 |
|
|
|a Includes bibliographical references and index
|
| 650 |
0 |
0 |
|a Computer organization
|
| 700 |
1 |
|
|a Vranesic, Zvonko G
|
| 700 |
1 |
|
|a Zaky, Safwat G
|
| 997 |
|
|
|a Communication, Visual Art & Computing, Faculty
|b Computing, Department
|
| 999 |
|
|
|a 0000004547
|b BOK
|c OPEN SHELF
|e 2nd Floor, Bestari Jaya
|